[Event "LVIII C.to Italiano"]
[Site "Saint Vincent - Chatillon ITA"]
[Date "1998.11.22"]
[Round "2"]
[White "Genocchio, Daniele"]
[Black "Efimov, Igor"]
[Result "0-1"]
[WhiteElo "2195"]
[BlackElo "2530"]
[PlyCount "86"]
[EventDate "1998.11.21"]

1.e4 c5 2.Nf3 d6 3.d4 cxd4 4.Nxd4 Nf6 5.Nc3 e6 6.g3 Be7 7.Bg2 O-O 8.O-O a6
9.a4 Qc7 10.Be3 Nc6 11.f4 Rb8 12.Kh1 Bd7 13.Qe2 Rfe8 14.g4 Nxd4 15.Bxd4 e5
16.Ba7 Ra8 17.g5 Rxa7 18.gxf6 Bxf6 19.Nd5 Qd8 20.Nxf6+ gxf6 21.Ra3 Ra8 22.
Qh5 exf4 23.Rxf4 Re6 24.Bh3 Kf8 25.Bxe6 Bxe6 26.Qxh7 Ke7 27.Qh4 Qa5 28.
Qxf6+ Kd7 29.Qc3 Qg5 30.Qg3 Qe5 31.Rd3 Qxb2 32.Qg2 Rc8 33.Rf2 Rxc2 34.Rxc2
Qb1+ 35.Qg1 Qxc2 36.Qd4 d5 37.exd5 Bf5 38.Rd2 Qb1+ 39.Kg2 Be4+ 40.Kg3 f6 
41.Re2 f5 42.Rb2 Qe1+ 43.Kh3 Qf1+ 0-1

[Event "LVIII C.to Italiano"]
[Site "Saint Vincent - Chatillon ITA"]
[Date "1998.11.22"]
[Round "2"]
[White "Godena, Michele"]
[Black "Belotti, Bruno"]
[Result "1/2-1/2"]
[WhiteElo "2510"]
[BlackElo "2430"]
[PlyCount "57"]
[EventDate "1998.11.21"]

1.e4 c5 2.Nf3 d6 3.Bc4 Nf6 4.d3 e6 5.O-O Be7 6.Bb3 O-O 7.c3 b6 8.Re1 Bb7 
9.Nbd2 Nc6 10.Nf1 Ne5 11.Ng3 Rc8 12.d4 cxd4 13.cxd4 Nxf3+ 14.Qxf3 d5 15.e5
Ne4 16.Qg4 Nxg3 17.hxg3 Kh8 18.Qe2 f5 19.exf6 Bxf6 20.Qd3 Qd7 21.Bf4 Bc6 
22.Bc2 g6 23.Bd1 Qg7 24.Be5 Bd7 25.Bg4 Rc4 26.b3 Rc6 27.Re3 Rfc8 28.Rae1 
Rc1 29.Bd1 1/2-1/2

[Event "LVIII C.to Italiano"]
[Site "Saint Vincent - Chatillon ITA"]
[Date "1998.11.22"]
[Round "2"]
[White "Vezzosi, Paolo"]
[Black "Arlandi, Ennio"]
[Result "1/2-1/2"]
[WhiteElo "2325"]
[BlackElo "2440"]
[PlyCount "70"]
[EventDate "1998.11.21"]

1.e4 c5 2.Nf3 e6 3.d4 cxd4 4.Nxd4 Nf6 5.Nc3 d6 6.g3 a6 7.Bg2 Be7 8.O-O O-O
9.b3 Qc7 10.Bb2 Nc6 11.Nxc6 bxc6 12.Na4 Bb7 13.c4 c5 14.Qe2 Nd7 15.Rfd1 
Rfd8 16.f4 Bc6 17.f5 exf5 18.exf5 Bf6 19.Bxc6 Qxc6 20.Qg2 Qxg2+ 21.Kxg2 
Bxb2 22.Nxb2 Ne5 23.Rd2 Nc6 24.Na4 Nd4 25.Rf1 Re8 26.Nb6 Rab8 27.Nd5 f6 
28.g4 a5 29.h3 Re5 30.Rff2 Kf7 31.Rd1 Rbe8 32.Nc7 Rc8 33.Nd5 Rh8 34.Nf4 
Rhe8 35.Nd5 Rb8 1/2-1/2

[Event "LVIII C.to Italiano"]
[Site "Saint Vincent - Chatillon ITA"]
[Date "1998.11.23"]
[Round "3"]
[White "Arlandi, Ennio"]
[Black "Godena, Michele"]
[Result "1/2-1/2"]
[WhiteElo "2440"]
[BlackElo "2510"]
[PlyCount "24"]
[EventDate "1998.11.21"]

1.Nf3 d5 2.c4 c6 3.b3 Bg4 4.Bb2 Nf6 5.g3 Bxf3 6.exf3 g6 7.d3 Bg7 8.Be2 O-O
9.O-O Nbd7 10.f4 Qb6 11.Qc2 Rfd8 12.Nd2 Ne8 1/2-1/2

[Event "LVIII C.to Italiano"]
[Site "Saint Vincent - Chatillon ITA"]
[Date "1998.11.23"]
[Round "3"]
[White "Belotti, Bruno"]
[Black "Genocchio, Daniele"]
[Result "1-0"]
[WhiteElo "2430"]
[BlackElo "2195"]
[PlyCount "69"]
[EventDate "1998.11.21"]

1.c4 e5 2.Nc3 d6 3.d4 exd4 4.Qxd4 Nc6 5.Qd2 g6 6.g3 Bg7 7.Bg2 Nf6 8.Nh3 a5
9.Nf4 Ne5 10.b3 a4 11.Ba3 O-O 12.O-O Nfd7 13.Qc2 Nb6 14.c5 axb3 15.axb3 
Rxa3 16.Rxa3 dxc5 17.Rd1 Qe7 18.Ra7 c6 19.Ne4 c4 20.Nd6 c3 21.Qxc3 Rd8 22.
Qc5 Qc7 23.Ra2 Nbd7 24.Qe3 Ng4 25.Qe7 Nge5 26.Ne8 Rxe8 27.Qxe8+ Nf8 28.Qd8
Qxd8 29.Rxd8 Bf5 30.Raa8 Bc2 31.b4 Bb3 32.Rab8 b5 33.Nd3 Nxd3 34.exd3 h5 
35.Bxc6 1-0

[Event "LVIII C.to Italiano"]
[Site "Saint Vincent - Chatillon ITA"]
[Date "1998.11.23"]
[Round "3"]
[White "Tatai, Stefano"]
[Black "Borgo, Giulio"]
[Result "1/2-1/2"]
[WhiteElo "2395"]
[BlackElo "2445"]
[PlyCount "46"]
[EventDate "1998.11.21"]

1.d4 d5 2.c4 e6 3.Nc3 c6 4.Nf3 Nf6 5.Bg5 Nbd7 6.e3 Qa5 7.Bxf6 Nxf6 8.Nd2 
Bb4 9.Qc2 Ne4 10.Rc1 Nxd2 11.Qxd2 O-O 12.Be2 dxc4 13.Bxc4 c5 14.a3 Bxc3 
15.Qxc3 Qxc3+ 16.bxc3 Bd7 17.Rb1 cxd4 18.cxd4 Rac8 19.Bb3 Rfd8 20.f3 Rc6 
21.Kd2 Ra6 22.Bc4 Ra4 23.Rb4 Rc8 1/2-1/2

[Event "LVIII C.to Italiano"]
[Site "Saint Vincent - Chatillon ITA"]
[Date "1998.11.24"]
[Round "4"]
[White "Efimov, Igor"]
[Black "Belotti, Bruno"]
[Result "1/2-1/2"]
[WhiteElo "2530"]
[BlackElo "2430"]
[PlyCount "43"]
[EventDate "1998.11.21"]

1.d4 Nf6 2.c4 g6 3.Nc3 Bg7 4.e4 d6 5.Be2 O-O 6.Bg5 c5 7.d5 a6 8.a4 Qa5 9.
Bd2 e6 10.Nf3 exd5 11.exd5 Bg4 12.O-O Nbd7 13.Ra3 Qc7 14.a5 Rae8 15.h3 
Bxf3 16.Bxf3 Re7 17.Qc2 Rfe8 18.Rb1 h5 19.g3 Ne5 20.Be2 Ned7 21.Bf3 Ne5 
22.Be2 1/2-1/2

[Event "LVIII C.to Italiano"]
[Site "Saint Vincent - Chatillon ITA"]
[Date "1998.11.24"]
[Round "4"]
[White "Fabiano, Giuseppe"]
[Black "Borgo, Giulio"]
[Result "0-1"]
[WhiteElo "2265"]
[BlackElo "2445"]
[PlyCount "90"]
[EventDate "1998.11.21"]

1.d4 d5 2.Nf3 c6 3.c4 e6 4.Nc3 Nf6 5.Bg5 h6 6.Bxf6 Qxf6 7.e3 Nd7 8.cxd5 
exd5 9.Bd3 Bd6 10.O-O Qe7 11.e4 dxe4 12.Nxe4 O-O 13.Re1 Bb4 14.Re3 Nf6 15.
Ne5 Nd5 16.Rg3 Nf4 17.Bc2 f6 18.Nd3 Nd5 19.Nxb4 Nxb4 20.Bb3+ Kh8 21.Nc3 
Bf5 22.a3 Na6 23.Qh5 Bh7 24.Re3 Qd6 25.Rae1 Nc7 26.Re7 f5 27.h3 Bg6 28.Qh4
Rae8 29.d5 cxd5 30.Nb5 Nxb5 31.Rxe8 Rxe8 32.Rxe8+ Bxe8 33.Ba4 Nc7 34.Bc2 
Bg6 35.Qd4 b6 36.Qa4 a5 37.Qd4 Ne6 38.Qc3 Kh7 39.Qc8 Qc7 40.Qxe6 Qxc2 41.
Qxb6 a4 42.Qd4 Qc4 43.Qe5 Qe4 44.Qd6 d4 45.Qb4 d3 0-1

[Event "LVIII C.to Italiano"]
[Site "Saint Vincent - Chatillon ITA"]
[Date "1998.11.24"]
[Round "4"]
[White "Genocchio, Daniele"]
[Black "Arlandi, Ennio"]
[Result "1/2-1/2"]
[WhiteElo "2195"]
[BlackElo "2440"]
[PlyCount "49"]
[EventDate "1998.11.21"]

1.e4 c6 2.d4 d5 3.Nc3 dxe4 4.Nxe4 Nd7 5.Bd3 Ngf6 6.Ng5 e6 7.Qe2 Bd6 8.N1f3
h6 9.Ne4 Nxe4 10.Qxe4 Qc7 11.O-O Nf6 12.Qe2 b6 13.Re1 Bb7 14.b3 Bb4 15.Bd2
Bxd2 16.Qxd2 O-O 17.Ne5 c5 18.dxc5 Qxc5 19.c4 Rfd8 20.b4 Qc7 21.Qb2 Nd7 
22.Bf1 Nxe5 23.Qxe5 Qxe5 24.Rxe5 Kf8 25.a4 1/2-1/2

[Event "LVIII C.to Italiano"]
[Site "Saint Vincent - Chatillon ITA"]
[Date "1998.11.24"]
[Round "4"]
[White "Godena, Michele"]
[Black "Caposciutti, Maurizio"]
[Result "1/2-1/2"]
[WhiteElo "2510"]
[BlackElo "2360"]
[PlyCount "136"]
[EventDate "1998.11.21"]

1.e4 c5 2.c3 d5 3.exd5 Qxd5 4.d4 Nf6 5.Nf3 Nc6 6.dxc5 Qxc5 7.Na3 Qa5 8.Bf4
Nd5 9.Nc4 Qd8 10.Nd6+ exd6 11.Qxd5 Be6 12.Qd2 Be7 13.Be2 O-O 14.O-O d5 15.
Rfd1 Bf6 16.Bg5 Rc8 17.Qf4 Bxg5 18.Nxg5 h6 19.Nf3 Qc7 20.Qxc7 Rxc7 21.Rd2 
g5 22.Rad1 Kg7 23.Nd4 a6 24.g3 Rg8 25.Bf3 Ne5 26.Bg2 Kf6 27.Rf1 Ng6 28.Nc2
Rc5 29.Rfd1 Rd8 30.Ne3 Ke5 31.Re1 Kf6 32.Red1 Ke5 33.Re1 Kf6 34.a3 a5 35.
Red1 Ke5 36.Re1 Kf6 37.Red1 Ke5 38.Rd4 b5 39.Re1 Kf6 40.Red1 Ke5 41.Kf1 
Ne7 42.f4+ Kf6 43.Kf2 Kg6 44.Bf3 Nc6 45.R4d3 gxf4 46.gxf4 Ne7 47.b4 axb4 
48.axb4 Rc7 49.Nxd5 Nxd5 50.Bxd5 Bxd5 51.Rxd5 Rxd5 52.Rxd5 Rxc3 53.Rxb5 
Rb3 54.h4 Kf6 55.h5 Ke6 56.Re5+ Kd6 57.b5 Rc3 58.Ke2 f6 59.Re3 Rc5 60.Rb3 
Kc7 61.b6+ Kb7 62.Kf3 Rxh5 63.Kg4 Rc5 64.Rh3 f5+ 65.Kh5 Rc4 66.Rf3 Rc6 67.
Rb3 Rc4 68.Rf3 Rc6 1/2-1/2

[Event "LVIII C.to Italiano"]
[Site "Saint Vincent - Chatillon ITA"]
[Date "1998.11.24"]
[Round "4"]
[White "Vezzosi, Paolo"]
[Black "Tatai, Stefano"]
[Result "1/2-1/2"]
[WhiteElo "2325"]
[BlackElo "2395"]
[PlyCount "62"]
[EventDate "1998.11.21"]

1.e4 e5 2.Nf3 Nc6 3.Bc4 Nf6 4.d3 Be7 5.Nbd2 O-O 6.O-O d6 7.c3 a6 8.Bb3 Na5
9.Bc2 c5 10.a3 Nc6 11.Nc4 Re8 12.Bg5 h6 13.Bxf6 Bxf6 14.Ne3 Ne7 15.Bb3 Be6
16.Bxe6 fxe6 17.Qb3 Nc6 18.a4 Na5 19.Qa2 b5 20.Rfc1 Nc6 21.Nd5 b4 22.a5 
Kh8 23.Qa4 Rc8 24.Nb6 Rc7 25.Rd1 Rf8 26.Nc4 Qe7 27.Ne3 Rb8 28.Nd2 Bg5 29.
Re1 Bxe3 30.fxe3 Rb5 31.Qd1 Rxa5 1/2-1/2

[Event "LVIII C.to Italiano"]
[Site "Saint Vincent - Chatillon ITA"]
[Date "1998.11.25"]
[Round "5"]
[White "Arlandi, Ennio"]
[Black "Efimov, Igor"]
[Result "0-1"]
[WhiteElo "2440"]
[BlackElo "2530"]
[PlyCount "54"]
[EventDate "1998.11.21"]

1.d4 e6 2.c4 d5 3.Nc3 c6 4.e3 Nd7 5.Qc2 Ngf6 6.Nf3 Bd6 7.Bd3 dxc4 8.Bxc4 
b5 9.Be2 Bb7 10.O-O O-O 11.Rd1 Qe7 12.a3 a5 13.e4 e5 14.dxe5 Nxe5 15.Nd4 
Bc5 16.Nf5 Qc7 17.Be3 Bxe3 18.Nxe3 Qb6 19.Rd6 Qc5 20.Qd2 Nd5 21.Nf5 Nxc3 
22.Qg5 Qxf2+ 23.Kh1 Ng6 24.bxc3 Qxe2 25.h4 Bc8 26.h5 f6 27.Nh6+ gxh6 0-1

[Event "LVIII C.to Italiano"]
[Site "Saint Vincent - Chatillon ITA"]
[Date "1998.11.25"]
[Round "5"]
[White "Belotti, Bruno"]
[Black "Fabiano, Giuseppe"]
[Result "1-0"]
[WhiteElo "2430"]
[BlackElo "2265"]
[PlyCount "79"]
[EventDate "1998.11.21"]

1.c4 Nf6 2.Nc3 c5 3.Nf3 d5 4.cxd5 Nxd5 5.e4 Nb4 6.Bb5+ Bd7 7.a3 N4c6 8.Bc4
e6 9.O-O Be7 10.b4 cxb4 11.axb4 Nxb4 12.d4 O-O 13.Bf4 N8a6 14.Qb3 Rc8 15.
Ne5 Be8 16.Rfd1 Qb6 17.Rac1 Kh8 18.d5 Nc5 19.Qb1 f6 20.Nf3 e5 21.Be3 Bd6 
22.Be2 a5 23.Nd2 Qd8 24.Nc4 b6 25.Rd2 Rf7 26.Na2 Nxa2 27.Rxa2 Rb7 28.Nxd6 
Qxd6 29.Ba6 Nxa6 30.Rxc8 Qd7 31.Rac2 Nb4 32.Rc1 h6 33.d6 Kh7 34.R8c7 Rxc7 
35.dxc7 Qc8 36.Bxb6 Nc6 37.Qd3 Bd7 38.Qd6 Nb4 39.Qxd7 Qxd7 40.c8=Q 1-0

[Event "LVIII C.to Italiano"]
[Site "Saint Vincent - Chatillon ITA"]
[Date "1998.11.25"]
[Round "5"]
[White "Borgo, Giulio"]
[Black "Vezzosi, Paolo"]
[Result "1-0"]
[WhiteElo "2445"]
[BlackElo "2325"]
[PlyCount "91"]
[EventDate "1998.11.21"]

1.e4 c5 2.Nf3 Nc6 3.Bb5 g6 4.Bxc6 bxc6 5.O-O Bg7 6.Re1 e5 7.c3 d6 8.d4 
cxd4 9.cxd4 Bg4 10.dxe5 dxe5 11.Nbd2 Ne7 12.h3 Be6 13.Qc2 O-O 14.Nb3 Bxb3 
15.Qxb3 Qb6 16.Qc2 Rfd8 17.Be3 Qa6 18.Red1 Rxd1+ 19.Qxd1 Qb7 20.Bc5 Re8 
21.Qd2 Nc8 22.Rd1 Nb6 23.Qb4 h6 24.a4 Qc7 25.Bd6 Qc8 26.a5 Nd7 27.Qc4 Re6 
28.b4 Qb7 29.Rd3 a6 30.Nd2 Re8 31.Rc3 Rc8 32.Nb3 Bf6 33.Rf3 Qb5 34.Rc3 
Qxc4 35.Rxc4 Bd8 36.Rc3 f6 37.Rd3 Kf7 38.Nc5 Nxc5 39.Bxc5 Ke8 40.Rd6 h5 
41.h4 Kf7 42.Rd7+ Ke6 43.Ra7 f5 44.Rxa6 fxe4 45.Ra7 Rb8 46.a6 1-0

[Event "LVIII C.to Italiano"]
[Site "Saint Vincent - Chatillon ITA"]
[Date "1998.11.25"]
[Round "5"]
[White "Caposciutti, Maurizio"]
[Black "Genocchio, Daniele"]
[Result "0-1"]
[WhiteElo "2360"]
[BlackElo "2195"]
[PlyCount "104"]
[EventDate "1998.11.21"]

1.e4 c5 2.Nf3 Nc6 3.Bb5 Nf6 4.Bxc6 dxc6 5.d3 g6 6.h3 Bg7 7.Nc3 O-O 8.Be3 
b6 9.Qd2 Re8 10.Bh6 e5 11.Bxg7 Kxg7 12.O-O Qd6 13.Qe3 Nh5 14.Ne2 Ba6 15.b3
Re7 16.Nh2 Nf4 17.a4 Rae8 18.Nf3 f5 19.Ng3 Bc8 20.Qd2 Kh8 21.Rae1 Qf6 22.
Kh2 Qg7 23.Qc3 Kg8 24.Nd2 Qh6 25.Kg1 Nxh3+ 26.gxh3 f4 27.h4 Qxh4 28.Nf3 
Qh3 29.Qc4+ Be6 30.Ng5 Qg4 31.Nxe6 Rxe6 32.Kh2 Kg7 33.Rg1 Qh4+ 34.Kg2 fxg3
35.fxg3 Qg4 36.Rgf1 h5 37.Rf3 Rf8 38.Rxf8 Kxf8 39.Rf1+ Kg7 40.Qc3 h4 41.
Qe1 Rf6 42.Rxf6 Kxf6 43.Qf2+ Kg7 44.Kh2 hxg3+ 45.Qxg3 Qxg3+ 46.Kxg3 g5 47.
Kf3 Kh6 48.Kg4 Kg6 49.c3 a6 50.a5 b5 51.b4 cxb4 52.cxb4 Kf6 0-1

[Event "LVIII C.to Italiano"]
[Site "Saint Vincent - Chatillon ITA"]
[Date "1998.11.25"]
[Round "5"]
[White "Tatai, Stefano"]
[Black "Godena, Michele"]
[Result "0-1"]
[WhiteElo "2395"]
[BlackElo "2510"]
[PlyCount "112"]
[EventDate "1998.11.21"]

1.e4 e5 2.Nf3 Nc6 3.Bc4 Nf6 4.d3 h6 5.h3 d6 6.Nc3 Na5 7.Be3 Be7 8.Bb3 Nxb3
9.axb3 c6 10.d4 Qc7 11.O-O b5 12.dxe5 dxe5 13.Nd2 O-O 14.Qf3 Be6 15.Rfd1 
Rfd8 16.Nf1 Rxd1 17.Rxd1 Kh7 18.g4 a5 19.Ra1 Rd8 20.Ng3 Ng8 21.Nf5 Bb4 22.
Ne2 g6 23.Kh2 Rd7 24.Rg1 Qd8 25.Neg3 Bd2 26.Nf1 Bxe3 27.N1xe3 Qg5 28.Ng3 
Qf4 29.Qe2 Nf6 30.Ng2 Qd2 31.Qf3 Kg7 32.Ne3 Nh7 33.h4 Kf8 34.Ngf5 h5 35.
gxh5 gxf5 36.exf5 Bd5 37.Qg3 Nf6 38.h6 Qd4 39.h7 Nxh7 40.Qg7+ Ke7 41.Qxh7 
Qf4+ 42.Rg3 Be4 43.Ng2 Rd1 44.Qh5 Rf1 45.f3 Bxf3 46.Qg5+ Qxg5 47.hxg5 Bxg2
48.f6+ Ke6 49.Kxg2 Rb1 50.Rc3 Rxb2 51.Rxc6+ Kf5 52.Rc5 a4 53.bxa4 bxa4 54.
Kg3 a3 55.Ra5 a2 56.c4 Rc2 0-1

[Event "LVIII C.to Italiano"]
[Site "Saint Vincent - Chatillon ITA"]
[Date "1998.11.26"]
[Round "6"]
[White "Belotti, Bruno"]
[Black "Arlandi, Ennio"]
[Result "1/2-1/2"]
[WhiteElo "2430"]
[BlackElo "2440"]
[PlyCount "27"]
[EventDate "1998.11.21"]

1.e4 c6 2.d4 d5 3.Nc3 dxe4 4.Nxe4 Nd7 5.Ng5 Ngf6 6.Bc4 e6 7.Qe2 Nb6 8.Bd3 
h6 9.N5f3 c5 10.dxc5 Bxc5 11.Ne5 Nbd7 12.Ngf3 Qc7 13.O-O O-O 14.Bf4 
1/2-1/2

[Event "LVIII C.to Italiano"]
[Site "Saint Vincent - Chatillon ITA"]
[Date "1998.11.26"]
[Round "6"]
[White "Fabiano, Giuseppe"]
[Black "Vezzosi, Paolo"]
[Result "0-1"]
[WhiteElo "2265"]
[BlackElo "2325"]
[PlyCount "210"]
[EventDate "1998.11.21"]

1.d4 Nf6 2.Nf3 e6 3.Bg5 c5 4.e3 Nc6 5.Nbd2 b6 6.c3 Bb7 7.Bd3 Be7 8.a3 O-O 
9.O-O h6 10.Bh4 d6 11.Qe2 Qc7 12.Rad1 Rfd8 13.e4 Nh5 14.Bg3 Nxg3 15.hxg3 
Bf6 16.Qe3 Rac8 17.Rfe1 a6 18.Bb1 cxd4 19.cxd4 e5 20.d5 Nd4 21.Nxd4 exd4 
22.Qd3 Re8 23.Nb3 Qc4 24.Qxc4 Rxc4 25.Bd3 Rc7 26.Rc1 Rec8 27.Rxc7 Rxc7 28.
Rc1 Rxc1+ 29.Nxc1 a5 30.Kf1 Bc8 31.b3 Bd7 32.a4 Kf8 33.Ke1 Ke7 34.Ne2 Bc8 
35.Bb5 Kd8 36.Kd2 Ke7 37.Kd3 Bb7 38.g4 Bc8 39.f3 Kd8 40.Ng3 Be5 41.Nf1 g5 
42.Nd2 Kc7 43.Nc4 Bb7 44.Na3 Kd8 45.Nc2 Ke7 46.b4 axb4 47.Nxb4 Bc8 48.Nc6+
Kf6 49.Nb8 Ke7 50.Nc6+ Kf6 51.Kc4 d3 52.Kxd3 Bg3 53.Kc4 Bf2 54.Nb4 Ke7 55.
Nd3 Bg3 56.Kd4 Kf6 57.Kc4 Ke7 58.Kb3 Bb7 59.Kb4 Kd8 60.a5 bxa5+ 61.Kxa5 
Kc7 62.Ba6 Ba8 63.Kb5 Bh2 64.Nb2 Bg1 65.Nc4 Bd4 66.Ka4 f6 67.Kb3 Bc5 68.
Kc3 Kb8 69.Kd3 Ka7 70.Bb5 Bb7 71.Nb2 Kb6 72.Kc4 Ka5 73.Nd3 Be3 74.Nb2 Bd2 
75.Nd1 Bc8 76.Nf2 Be3 77.e5 dxe5 78.Ne4 Kb6 79.Nxf6 Bc5 80.Ne4 Bf8 81.Nc3 
Bd6 82.Na4+ Ka7 83.Nc5 Kb6 84.Ne4 Bf8 85.Nf2 Bc5 86.Nd3 Bd6 87.Nb4 e4 88.
fxe4 Bxg4 89.Bc6 Be2+ 90.Kc3 Bf1 91.Nd3 Bxg2 92.Kd4 h5 93.e5 Bf8 94.Be8 h4
95.Bh5 h3 96.d6 h2 97.Nf2 Bg7 98.Bg4 h1=Q 99.Nxh1 Bxh1 100.Be6 Kc6 101.Bf5
Bh6 102.Be4+ Bxe4 103.Kxe4 g4 104.Kd3 Bf4 105.Ke4 g3 0-1

[Event "LVIII C.to Italiano"]
[Site "Saint Vincent - Chatillon ITA"]
[Date "1998.11.26"]
[Round "6"]
[White "Genocchio, Daniele"]
[Black "Tatai, Stefano"]
[Result "1-0"]
[WhiteElo "2195"]
[BlackElo "2395"]
[PlyCount "61"]
[EventDate "1998.11.21"]

1.e4 c5 2.Nc3 d6 3.Nge2 a6 4.a4 Nf6 5.g3 Nc6 6.Bg2 g6 7.d4 cxd4 8.Nxd4 Bd7
9.O-O Bg7 10.Nde2 O-O 11.h3 Rc8 12.Be3 a5 13.f4 Be6 14.Qd2 Nb4 15.Rfd1 Qc7
16.Rac1 Qb8 17.Nd4 Bc4 18.Ndb5 b6 19.Qf2 Nd7 20.e5 Rfd8 21.exd6 e6 22.Bd4 
Bxd4 23.Rxd4 Rc5 24.Na3 Bd5 25.Bxd5 exd5 26.Nab5 Nf6 27.f5 Ne8 28.fxg6 
fxg6 29.Rf1 Nxd6 30.Nxd6 Qxd6 31.Ne4 1-0

[Event "LVIII C.to Italiano"]
[Site "Saint Vincent - Chatillon ITA"]
[Date "1998.11.26"]
[Round "6"]
[White "Godena, Michele"]
[Black "Borgo, Giulio"]
[Result "1/2-1/2"]
[WhiteElo "2510"]
[BlackElo "2445"]
[PlyCount "93"]
[EventDate "1998.11.21"]

1.e4 c6 2.d4 d5 3.Nd2 dxe4 4.Nxe4 Bf5 5.Ng3 Bg6 6.N1e2 e6 7.Nf4 Bd6 8.Nxg6
hxg6 9.Ne4 Be7 10.g3 Nf6 11.Bg2 Nxe4 12.Bxe4 Nd7 13.c3 Nf6 14.Bg2 Qc7 15.
Qe2 a5 16.a4 O-O 17.O-O Rfe8 18.Re1 Nd5 19.Qc2 Rad8 20.Qb3 Bf8 21.Bg5 Be7 
22.Bd2 Rd7 23.Rad1 Red8 24.Bc1 Bf8 25.Bg5 Be7 26.Bc1 Bf8 27.Rd3 Be7 28.Bf3
Qb8 29.Rdd1 Qc7 30.Kg2 Bf6 31.Kg1 Be7 32.Kf1 Bf6 33.Kg2 Be7 34.Kg1 Bf6 35.
Rd3 Be7 36.Red1 Bf6 37.Rf1 Be7 38.Rdd1 Bf6 39.Rfe1 Be7 40.Kg2 Bf6 41.h4 
Be7 42.Rh1 Bf6 43.Rde1 Qd6 44.Qc2 b5 45.Rd1 Rc8 46.Qb3 Rb8 47.Rhe1 1/2-1/2

[Event "LVIII C.to Italiano"]
[Site "Saint Vincent - Chatillon ITA"]
[Date "1998.11.27"]
[Round "7"]
[White "Arlandi, Ennio"]
[Black "Fabiano, Giuseppe"]
[Result "1/2-1/2"]
[WhiteElo "2440"]
[BlackElo "2265"]
[PlyCount "124"]
[EventDate "1998.11.21"]

1.d4 Nf6 2.c4 e6 3.Nc3 Bb4 4.Qc2 c5 5.dxc5 Na6 6.a3 Bxc3+ 7.Qxc3 Nxc5 8.b4
Nce4 9.Qd4 d5 10.cxd5 O-O 11.Nf3 a5 12.b5 exd5 13.Bb2 Bd7 14.e3 Rc8 15.Be2
Re8 16.O-O Nd6 17.a4 Rc2 18.Bd3 Nf5 19.Bxf5 Bxf5 20.Nd2 Qd6 21.Ba3 Qc7 22.
h3 Qc3 23.Nf3 Qc4 24.Qxc4 Rxc4 25.Nd4 Bc2 26.Nxc2 Rxc2 27.Rfc1 Rec8 28.
Rxc2 Rxc2 29.Rd1 Rc4 30.Be7 Rxa4 31.Bxf6 gxf6 32.Rxd5 Rb4 33.b6 Rxb6 34.
Rxa5 Rb1+ 35.Kh2 Rc1 36.Rb5 Rc7 37.Rb6 Kg7 38.g4 Re7 39.Kg3 Kg6 40.h4 Kg7 
41.Kf4 Rc7 42.f3 Re7 43.Rb5 Kg8 44.e4 Kg7 45.Rb4 Rc7 46.Rb6 Re7 47.Rb3 Rc7
48.Rb5 Rd7 49.Kf5 Re7 50.f4 Rc7 51.Rb6 Rc5+ 52.e5 fxe5 53.fxe5 Rc1 54.Rxb7
Rf1+ 55.Ke4 Re1+ 56.Kf4 Rf1+ 57.Kg3 Re1 58.Rb5 h5 59.gxh5 Re4 60.Ra5 Kh7 
61.Ra7 Rxe5 62.Rxf7+ Kg8 1/2-1/2

[Event "LVIII C.to Italiano"]
[Site "Saint Vincent - Chatillon ITA"]
[Date "1998.11.27"]
[Round "7"]
[White "Borgo, Giulio"]
[Black "Genocchio, Daniele"]
[Result "1/2-1/2"]
[WhiteElo "2445"]
[BlackElo "2195"]
[PlyCount "92"]
[EventDate "1998.11.21"]

1.e4 c5 2.Nf3 Nc6 3.Bb5 g6 4.Bxc6 bxc6 5.O-O Bg7 6.Re1 Nf6 7.e5 Nd5 8.c4 
Nc7 9.d4 cxd4 10.Qxd4 Ne6 11.Qh4 h6 12.Nc3 d6 13.Rd1 Bb7 14.Be3 c5 15.exd6
exd6 16.Qg3 Bxf3 17.Qxf3 O-O 18.Nb5 Bxb2 19.Bxh6 Qh4 20.Bxf8 Rxf8 21.Rab1 
Be5 22.g3 Qxc4 23.Qd5 Qxd5 24.Rxd5 Rb8 25.Rdd1 a6 26.Nc3 Rxb1 27.Nxb1 Kf8 
28.Kf1 Ke7 29.Nd2 d5 30.Nf3 Bd4 31.Ke2 Kd6 32.Nxd4 Nxd4+ 33.Rxd4 cxd4 34.
h4 Ke6 35.Kd3 Ke5 36.a3 f6 37.a4 a5 38.f3 f5 39.Ke2 Kf6 40.g4 fxg4 41.fxg4
Ke5 42.Kd3 Kf4 43.h5 gxh5 44.gxh5 Kg5 45.Kxd4 Kxh5 46.Kxd5 Kg6 1/2-1/2

[Event "LVIII C.to Italiano"]
[Site "Saint Vincent - Chatillon ITA"]
[Date "1998.11.27"]
[Round "7"]
[White "Caposciutti, Maurizio"]
[Black "Belotti, Bruno"]
[Result "1-0"]
[WhiteElo "2360"]
[BlackElo "2430"]
[PlyCount "71"]
[EventDate "1998.11.21"]

1.Nf3 Nf6 2.c4 g6 3.b3 Bg7 4.Bb2 O-O 5.g3 c5 6.Bg2 Nc6 7.O-O d6 8.d4 cxd4 
9.Nxd4 Bd7 10.Nc3 a6 11.e3 Qa5 12.Qe2 Rfc8 13.Rac1 Rab8 14.a3 Qb6 15.b4 
Ne5 16.Nd5 Nxd5 17.Bxd5 Bg4 18.f3 Bh3 19.Rfe1 h5 20.f4 e6 21.Bg2 Bxg2 22.
Kxg2 Ng4 23.h3 Nf6 24.e4 Re8 25.Nf3 Qc6 26.Bd4 Rbc8 27.Qb2 e5 28.b5 axb5 
29.cxb5 Qd7 30.fxe5 Rxc1 31.Rxc1 dxe5 32.Bxe5 Qd3 33.Bxf6 Rxe4 34.Rc8+ Kh7
35.Ng5+ Kh6 36.Bxg7+ 1-0

[Event "LVIII C.to Italiano"]
[Site "Saint Vincent - Chatillon ITA"]
[Date "1998.11.27"]
[Round "7"]
[White "Tatai, Stefano"]
[Black "Efimov, Igor"]
[Result "0-1"]
[WhiteElo "2395"]
[BlackElo "2530"]
[PlyCount "70"]
[EventDate "1998.11.21"]

1.e4 c5 2.Nf3 e6 3.d4 cxd4 4.Nxd4 Nf6 5.Nc3 Nc6 6.Ndb5 d6 7.Bf4 e5 8.Bg5 
a6 9.Na3 b5 10.Nd5 Be7 11.Bxf6 Bxf6 12.c3 Bg5 13.g3 O-O 14.Bg2 Rb8 15.Nc2 
a5 16.b3 Kh8 17.O-O Bh6 18.Nce3 g6 19.Qd3 f5 20.exf5 gxf5 21.f4 e4 22.Qd2 
Bg7 23.Rac1 Qe8 24.a3 Qf7 25.b4 Be6 26.g4 fxg4 27.Bxe4 Rbe8 28.Rce1 Bh6 
29.Qg2 axb4 30.axb4 Qg7 31.Qg3 Nd4 32.Kh1 Bc8 33.Bg2 Nf3 34.Rd1 Rxe3 35.
Nxe3 Bxf4 0-1

[Event "LVIII C.to Italiano"]
[Site "Saint Vincent - Chatillon ITA"]
[Date "1998.11.27"]
[Round "7"]
[White "Vezzosi, Paolo"]
[Black "Godena, Michele"]
[Result "1/2-1/2"]
[WhiteElo "2325"]
[BlackElo "2510"]
[PlyCount "137"]
[EventDate "1998.11.21"]

1.c4 e6 2.Nf3 d5 3.b3 Be7 4.Bb2 Nf6 5.g3 O-O 6.Bg2 b6 7.O-O Bb7 8.cxd5 
Nxd5 9.Nc3 Nd7 10.Rc1 Rc8 11.Qc2 c5 12.Rfd1 N7f6 13.Nxd5 Qxd5 14.Qc4 Rfd8 
15.d3 h6 16.Ne1 Qd7 17.Bxb7 Qxb7 18.Nf3 Nd5 19.Rd2 Bf6 20.Qe4 Bxb2 21.Rxb2
Qa6 22.Ne5 Nf6 23.Qa4 Qb7 24.Nf3 Nd5 25.Nd2 Nb4 26.Nf1 b5 27.Qa5 Qb6 28.
Qa3 a5 29.Rd2 Ra8 30.Qb2 a4 31.a3 Nc6 32.bxa4 Rxa4 33.Rdc2 Rd5 34.Ne3 Rh5 
35.Rc4 Rxc4 36.Nxc4 Qa6 37.Nd6 Nd4 38.Ne4 Qb6 39.g4 Rd5 40.Kg2 f5 41.Nc3 
Rd8 42.gxf5 exf5 43.Rg1 b4 44.axb4 cxb4 45.Kf1 Qa5 46.Nb1 f4 47.Nd2 Qa3 
48.Nc4 Qxb2 49.Nxb2 Ra8 50.Kg2 Nxe2 51.Re1 Nc3 52.Kf3 g5 53.Re6 Ra2 54.Nc4
Nd1 55.Rxh6 Rxf2+ 56.Ke4 Kg7 57.Rb6 Rxh2 58.Rxb4 Nf2+ 59.Kf5 Nxd3 60.Rb7+ 
Kh6 61.Nd6 Re2 62.Ne4 f3 63.Rb6+ Kg7 64.Rg6+ Kf8 65.Rxg5 Nc5 66.Nxc5 f2 
67.Kg4 f1=Q 68.Rf5+ Qxf5+ 69.Kxf5 1/2-1/2

[Event "LVIII C.to Italiano"]
[Site "Saint Vincent - Chatillon ITA"]
[Date "1998.11.28"]
[Round "8"]
[White "Arlandi, Ennio"]
[Black "Caposciutti, Maurizio"]
[Result "1-0"]
[WhiteElo "2440"]
[BlackElo "2360"]
[PlyCount "71"]
[EventDate "1998.11.21"]

1.d4 d6 2.e4 Nf6 3.f3 Nbd7 4.c4 e5 5.Ne2 Be7 6.Be3 c6 7.Nbc3 a6 8.d5 c5 9.
Qd2 Rb8 10.a4 Nf8 11.Nc1 Ng6 12.Be2 h5 13.h4 Bd7 14.g3 O-O 15.Nd3 b5 16.
axb5 axb5 17.Nxb5 Bxb5 18.cxb5 Rxb5 19.O-O Qd7 20.Nf2 Rb4 21.Rfc1 Rfb8 22.
Rc2 Ra4 23.Rxa4 Qxa4 24.Bc4 Ne8 25.b3 Qa1+ 26.Kg2 Nc7 27.Ra2 Qb1 28.Nd1 
Nb5 29.Bd3 Qxb3 30.Rb2 Qa3 31.Rxb5 Rxb5 32.Bxb5 Bd8 33.Qb2 Qa7 34.Nc3 Ba5 
35.Ne2 Bb4 36.Qxb4 1-0

[Event "LVIII C.to Italiano"]
[Site "Saint Vincent - Chatillon ITA"]
[Date "1998.11.28"]
[Round "8"]
[White "Belotti, Bruno"]
[Black "Tatai, Stefano"]
[Result "1-0"]
[WhiteElo "2430"]
[BlackElo "2395"]
[PlyCount "80"]
[EventDate "1998.11.21"]

1.d4 Nf6 2.Nf3 g6 3.c4 Bg7 4.Nc3 O-O 5.e4 d6 6.h3 c5 7.d5 b5 8.cxb5 a6 9.
bxa6 Qa5 10.Bd2 Bxa6 11.Bxa6 Qxa6 12.Qe2 Nbd7 13.Qxa6 Rxa6 14.Kd1 Nb6 15.
Kc2 Nc4 16.Bc1 Rb8 17.Nd2 Na5 18.Rb1 Nd7 19.b3 Rab6 20.Na4 Ra6 21.Bb2 c4 
22.Bxg7 cxb3+ 23.axb3 Kxg7 24.b4 Nc4 25.Nxc4 Rxa4 26.Kc3 Ra2 27.Rb2 Rxb2 
28.Nxb2 f5 29.f3 Rc8+ 30.Kb3 Rb8 31.Re1 Kf6 32.Re2 fxe4 33.fxe4 Ke5 34.Kc3
Rc8+ 35.Nc4+ Kf4 36.Kd4 Rb8 37.Rf2+ Kg3 38.Rb2 Kf4 39.Rb3 Nf6 40.g3+ Kg5 
1-0